000 00976na a2200301 4500
001 23979
003 MIRAKIL
005 20181213155325.0
008 180206b tu 000 0
020 _a9789758211142
040 _aMilas
_btur
_cTR-AnCHP
041 _atur
082 _a323.445
_bG29 2016
090 _a323.445 G29 2016
245 _aGazeteciler Cemiyeti ifade ve basın özgürlüğü raporu
_bDurum 2016
_cyayına hazırlayanlar Yusuf Kanlı, Seva Ülman Erten, Ali Şimşek
246 _aDurum 2016
260 _aAnkara
_bGazeteciler Cemiyeti
_c2016
300 _a599 s.
_bfotğ.
_c30 sm.
500 _aCHP Genel Başkan Yardımcısı Yasemin Öney Cankurtaran bağışıdır.
504 _aDizin var.
610 _aGazeteciler Cemiyeti
_xRaporlar, 2016
650 _aBasın özgürlüğü
_xTürkiye
_y2016
700 _aŞimşek, Ali
700 _aErten, Seva Ülmen
700 _aKanlı, Yusuf
740 _aDurum 2016
942 _2ddc
_cBKS
999 _c10547
_d10547